Statistics for Goal Scorers for Colombia at the 2014 FIFA World Cup

Click here to take the quiz!

General Stats

  • This quiz has been taken 229 times
  • The average score is 4 of 6

Answer Stats

# goalsAnswer% Correct
6 goalsJames Rodríguez
100%
1 goalJuan Cuadrado
69%
2 goalsJackson Martínez
59%
1 goalJuan Fernando Quintero
43%
1 goalPablo Armero
43%
1 goalTeófilo Gutiérrez
43%

Score Distribution

Percentile by Number Answered

Percent of People with Each Score

Your Score History

You have not taken this quiz